Sự tích Thành Hoàng Làng ở huyện Gia Lâm và quận Long Biên, Hà Nội
Nội dung sách giới thiệu sự tích Thành Hoàng Làng ở huyện Gia Lâm và quận Long Biên, Hà Nộ. Các vị thần được thờ phụng ở huyện Gia Lâm và quận Long Biên.
Spremljeno u:
| Glavni autor: | |
|---|---|
| Format: | Knjiga |
| Jezik: | Undetermined |
| Izdano: |
Hà Nội
Mỹ Thuật
2016
|
| Teme: | |
| Oznake: |
Dodaj oznaku
Bez oznaka, Budi prvi tko označuje ovaj zapis!
|
| Thư viện lưu trữ: | Trung tâm Học liệu Trường Đại học Cần Thơ |
|---|
| LEADER | 00909nam a2200205Ia 4500 | ||
|---|---|---|---|
| 001 | CTU_226774 | ||
| 008 | 210402s9999 xx 000 0 und d | ||
| 082 | |a 398.209597 | ||
| 082 | |b H100 | ||
| 100 | |a Nguyễn, Thị Thu Hà | ||
| 245 | 0 | |a Sự tích Thành Hoàng Làng ở huyện Gia Lâm và quận Long Biên, Hà Nội | |
| 245 | 0 | |c Nguyễn Thị Thu Hà | |
| 260 | |a Hà Nội | ||
| 260 | |b Mỹ Thuật | ||
| 260 | |c 2016 | ||
| 520 | |a Nội dung sách giới thiệu sự tích Thành Hoàng Làng ở huyện Gia Lâm và quận Long Biên, Hà Nộ. Các vị thần được thờ phụng ở huyện Gia Lâm và quận Long Biên. | ||
| 650 | |a Văn hóa dân gian, người Việt,Folk literature, Vietnamese | ||
| 904 | |i Nhi | ||
| 910 | |b dqhieu | ||
| 980 | |a Trung tâm Học liệu Trường Đại học Cần Thơ | ||